| 000 | 00451nam a22001817a 4500 | ||
|---|---|---|---|
| 003 | Ost | ||
| 005 | 20230727150422.0 | ||
| 008 | 230727b |||||||| |||| 00| 0 eng d | ||
| 020 | _a9788172340230 | ||
| 040 | _cT-PhCSTB | ||
| 050 | _a4527 | ||
| 082 |
_222 _a645.2 _bRAN |
||
| 100 | _aRandhawa, T. S. | ||
| 245 | _aThe Indian courtyard house / | ||
| 300 |
_a156 p. : _bill. ; _c25 cm. |
||
| 500 | _aIncludes some color photographs. | ||
| 942 |
_2ddc _cGEN |
||
| 999 |
_c9609 _d9609 |
||